Text as data (Record no. 512429)

000 -LEADER
fixed length control field 00431nam a22001577a 4500
008 - FIXED-LENGTH DATA ELEMENTS--GENERAL INFORMATION
fixed length control field 191122b ||||| |||| 00| 0 eng d
100 ## - MAIN ENTRY--PERSONAL NAME
Personal name Gentzkow, Matthew
245 ## - TITLE STATEMENT
Title Text as data
260 ## - PUBLICATION, DISTRIBUTION, ETC. (IMPRINT)
Name of publisher, distributor, etc Journal of Economic Literature
300 ## - PHYSICAL DESCRIPTION
Extent 57(3), Sep, 2019: p.535-574.
700 ## - ADDED ENTRY--PERSONAL NAME
Personal name Kelly, Bryan
9 (RLIN) 13677
700 ## - ADDED ENTRY--PERSONAL NAME
Personal name Taddy, Matt
9 (RLIN) 13678
773 ## - HOST ITEM ENTRY
Main entry heading Journal of Economic Literature
906 ## - LOCAL DATA ELEMENT F, LDF (RLIN)
Subject DIP Data
942 ## - ADDED ENTRY ELEMENTS (KOHA)
Item type Articles
Holdings
Withdrawn status Lost status Source of classification or shelving scheme Damaged status Not for loan Permanent location Current location Date acquired Serial Enumeration / chronology Barcode Date last seen Koha item type
          Indian Institute of Public Administration Indian Institute of Public Administration 2019-11-22 57(3), Sep, 2019: p.535-574. AR121803 2019-11-22 Articles

Powered by Koha